In adequacy of short - term cooperative credit to agriculture in Bihar (Record no. 6680)

000 -LEADER
fixed length control field 00399pab a2200145 454500
008 - FIXED-LENGTH DATA ELEMENTS--GENERAL INFORMATION
fixed length control field 180718b1983 xxu||||| |||| 00| 0 eng d
100 ## - MAIN ENTRY--PERSONAL NAME
Personal name Singh, T.N.
245 ## - TITLE STATEMENT
Title In adequacy of short - term cooperative credit to agriculture in Bihar
260 ## - PUBLICATION, DISTRIBUTION, ETC.
Date of publication, distribution, etc. 1983
300 ## - PHYSICAL DESCRIPTION
Extent 51-3
362 ## - DATES OF PUBLICATION AND/OR SEQUENTIAL DESIGNATION
Dates of publication and/or sequential designation Jan.-Mar.
650 ## - SUBJECT ADDED ENTRY--TOPICAL TERM
Topical term or geographic name entry element Cooperative Banks - India - Bihar
773 ## - HOST ITEM ENTRY
Main entry heading Cooperative Perspective
909 ## -
-- 6680
Holdings
Withdrawn status Lost status Damaged status Not for loan Permanent Location Current Location Date acquired Serial Enumeration / chronology Barcode Date last seen Price effective from Koha item type
        Indian Institute of Public Administration Indian Institute of Public Administration 2018-07-19 Volume no: 17, Issue no: 4 AR6690 2018-07-19 2018-07-19 Articles

Powered by Koha